00420pab a2200157 454500008004000000100002000040245005500060260000900115300001400124362001100138650002000149650002100169650001300190700002500203773003400228180718b2003 xxu||||| |||| 00| 0 eng d aMeenakshi, J.V. aCalorie deprivation in rural India, 1983-1999/2000 c2003 ap.369-75. a25 Jan aPoverty - India aCalories - India aCalories aVishwanathan, Brinda aEconomic and Political Weekly